<?xml version="1.0" encoding="UTF-8"?>
<record
    xmlns:xsi="http://www.w3.org/2001/XMLSchema-instance"
    xsi:schemaLocation="http://www.loc.gov/MARC21/slim http://www.loc.gov/standards/marcxml/schema/MARC21slim.xsd"
    xmlns="http://www.loc.gov/MARC21/slim">

  <leader>01245nam a2200313 i 4500</leader>
  <controlfield tag="001">13498</controlfield>
  <controlfield tag="003">ES-MaACL</controlfield>
  <controlfield tag="005">20230906150608.0</controlfield>
  <controlfield tag="007">t|</controlfield>
  <controlfield tag="008">980423s1992    sp           |||| |dcat d</controlfield>
  <datafield tag="020" ind1=" " ind2=" ">
    <subfield code="a">84-7665-181-3</subfield>
  </datafield>
  <datafield tag="080" ind1=" " ind2=" ">
    <subfield code="a">929 Abadal i Calder&#xF3;, Raimon d'</subfield>
  </datafield>
  <datafield tag="080" ind1=" " ind2=" ">
    <subfield code="a">929 Abadal, Ramon d'</subfield>
  </datafield>
  <datafield tag="080" ind1=" " ind2=" ">
    <subfield code="a">929 Valls i Taberner, Ferran</subfield>
  </datafield>
  <datafield tag="100" ind1="1" ind2=" ">
    <subfield code="a">Abadal i Calder&#xF3;, Raimon d',</subfield>
    <subfield code="d">1862-1945</subfield>
    <subfield code="9">17947</subfield>
  </datafield>
  <datafield tag="245" ind1="1" ind2="0">
    <subfield code="a">Epistolari de Raimon d'Abadal i Calder&#xF3; amb Ramon d'Abadal i de Vinyals i amb Ferran Valls i Taberner, 1909-1940 / </subfield>
    <subfield code="c">Jaume Sobrequ&#xE9;s i Callic&#xF3; ... [et al.].</subfield>
  </datafield>
  <datafield tag="260" ind1=" " ind2=" ">
    <subfield code="a">Barcelona : </subfield>
    <subfield code="b">PPU, </subfield>
    <subfield code="c">1992.</subfield>
  </datafield>
  <datafield tag="300" ind1=" " ind2=" ">
    <subfield code="a">147 p. ; </subfield>
    <subfield code="c">22 cm.</subfield>
  </datafield>
  <datafield tag="490" ind1="1" ind2=" ">
    <subfield code="a">Col-lecci&#xF3; d'epistolaris catalans del segle XX</subfield>
  </datafield>
  <datafield tag="600" ind1="0" ind2="4">
    <subfield code="a">Abadal i Calder&#xF3;, Raimon d', 1862-1945-</subfield>
    <subfield code="v">Correspondencia</subfield>
    <subfield code="9">17948</subfield>
  </datafield>
  <datafield tag="600" ind1="1" ind2="4">
    <subfield code="a">Abadal, Ramon d'</subfield>
    <subfield code="d">1888-1970-</subfield>
    <subfield code="v">Correspondencia</subfield>
    <subfield code="9">17946</subfield>
  </datafield>
  <datafield tag="600" ind1="1" ind2="4">
    <subfield code="a">Valls i Taberner, Ferran-</subfield>
    <subfield code="v">Correspondencia.</subfield>
    <subfield code="9">112943</subfield>
  </datafield>
  <datafield tag="700" ind1="1" ind2=" ">
    <subfield code="a">Sobrequ&#xE9;s i Callic&#xF3;, Jaume.</subfield>
    <subfield code="9">106997</subfield>
  </datafield>
  <datafield tag="700" ind1="1" ind2=" ">
    <subfield code="a">Abadal, Ramon d',</subfield>
    <subfield code="d">1888-1970</subfield>
    <subfield code="9">17945</subfield>
  </datafield>
  <datafield tag="700" ind1="1" ind2=" ">
    <subfield code="a">Valls i Taberner, Ferran.</subfield>
    <subfield code="9">112942</subfield>
  </datafield>
  <datafield tag="830" ind1="0" ind2=" ">
    <subfield code="a">Col-lecci&#xF3; d'epistolaris catalans del segle XX</subfield>
    <subfield code="9">226562</subfield>
  </datafield>
  <datafield tag="852" ind1=" " ind2=" ">
    <subfield code="a">ES-MaACL</subfield>
    <subfield code="j">L-20787</subfield>
  </datafield>
  <datafield tag="999" ind1=" " ind2=" ">
    <subfield code="c">13498</subfield>
    <subfield code="d">13498</subfield>
  </datafield>
  <datafield tag="952" ind1=" " ind2=" ">
    <subfield code="0">0</subfield>
    <subfield code="1">0</subfield>
    <subfield code="4">0</subfield>
    <subfield code="7">0</subfield>
    <subfield code="a">ATENEOM</subfield>
    <subfield code="b">ATENEOM</subfield>
    <subfield code="c">DEPO2</subfield>
    <subfield code="d">2008-01-17</subfield>
    <subfield code="e">SC</subfield>
    <subfield code="l">0</subfield>
    <subfield code="o">L-20787</subfield>
    <subfield code="p">1013741</subfield>
    <subfield code="r">2023-02-23 00:00:00</subfield>
    <subfield code="w">2023-02-23</subfield>
    <subfield code="y">MONOGRAFIA</subfield>
  </datafield>
</record>
